000 00283nam a22001337a 4500
008 171006b xxu||||| |||| 00| 0 eng d
020 _a9780072358322
041 _aeng
080 _a159.9
100 _a48
101 _aPSI
245 _aPSYCHOLOGY
_cSDOROW, L.M
942 _2udc
_cBK
999 _c32163
_d32163